Le bon prénom 2 (click quiz) - Statistiques

Statistiques générales
  • Ce quiz a été pris 114 fois
  • Le résultat moyen est 6 sur 8
Statistiques - réponses
Hint Réponse % Correct
Brassens Gorges
93%
Garcia Dosé
82%
Verne Mules
81%
Statham Jalon
80%
Lellouche Villes
80%
Luchini Fabrique
79%
Lagaffe Baston
78%
Le Terrible Divan
75%
Aucun quiz correspondant
Distribution des résultats
% des personnes avec chaque résultat
Percentile par nombre de réponses
Votre historique - résultats
Vous n’avez pas pris ce quiz